000 01543cam a22004217a 4500
001 000094657
003 CHAP
005 20220329143037.0
008 051013d2005 mx r 00110 spa d
010 _a91123
011 _a92095
035 _a102658
040 _cCHAP
090 _aTesis
100 0 0 _aSánchez Díaz, José Trinidad.
_9107471
245 1 0 _aMinerales en suelos, forrajes, alimentos y animales en una unidad de producción de leche en pastoreo en Chapingo, México /
_c/por José Trinidad Sánchez Díaz.
260 _aChapingo, Méx. :
_bEl autor,
_c2005.
300 _a49 h.
502 _aTesis (Ing. Agr. Esp. en Zootecnia) - - UACH. Departamento de Zootecnia
590 _aALEPH
_b10
_c20130110
_lUCH01
_h1506
590 _aBATCH-UPD
_b10
_c20130110
_lUCH01
_h0828
590 _aBATCH-UPD
_b10
_c20130410
_lUCH01
_h0505
590 _aBATCH-UPD
_b10
_c20130914
_lUCH01
_h1518
590 _aBATCH-UPD
_b10
_c20140324
_lUCH01
_h1451
590 _aBATCH-UPD
_b10
_c20141002
_lUCH01
_h0827
590 _aCONVERSION
_b10
_c20130109
_lUCH01
_h1350
590 _aE12093SGE
_b10
_c20130614
_lUCH01
_h0940
650 1 4 _aGanado lechero
_xPastoreo.
_945284
650 1 4 _aLeche
_xProducción.
_965400
650 1 4 _aMinerales en nutrición animal.
_975937
856 _3Finding aid
_uhttp://10.13.5.2/tesis/102658.pdf
_zTeclea aquí
901 _aBK
905 _aLilia
942 _cCD
942 _n0
949 _aTesis
_bBC
_cTES
_d1026581
_eTS1
_h44001
_i102658
_sb
949 _aTesis
_bBC
_cTES
_d33724000965836
_eTS2
_fc.2
_h44002
_i102658
_sb
999 _c91123
_d91123